| 000 | 01118cam a2200337 i 4500 | ||
|---|---|---|---|
| 999 |
_c200447291 _d65503 |
||
| 001 | 200447291 | ||
| 003 | TR-AnTOB | ||
| 005 | 20221213130743.0 | ||
| 007 | ta | ||
| 008 | 981119s1997 tu a 000 0 tur d | ||
| 020 | _a9757249440 | ||
| 035 | _a(TR-AnTOB)200447291 | ||
| 040 |
_aBGZ _beng _erda _cBGZ _dTR-AnTOB |
||
| 041 | 0 | _atur | |
| 050 | 4 |
_aHD9710.T92 _bR45 1997 |
|
| 090 |
_aHD9710.T92 _bR45 1997 |
||
| 245 | 0 | 0 |
_aRekabet stratejileri ve en iyi uygulamalar : _bTürk otomotiv sektörü. |
| 246 | 3 | _aTürk otomotiv sektörü | |
| 264 | 1 |
_aİstanbul : _bTÜSİAD, _c1997. |
|
| 300 |
_a144 pages : _billustrations ; _c27 cm |
||
| 336 |
_atext _btxt _2rdacontent |
||
| 337 |
_aunmediated _bn _2rdamedia |
||
| 338 |
_avolume _bnc _2rdacarrier |
||
| 490 | 0 |
_aTÜSİAD ; _vyayın no. TÜSİAD-T/97-12/225. _aTÜSİAD rekabet stratejileri dizisi ; _v3 |
|
| 500 | _a"Aralık 1997." | ||
| 650 | 7 |
_aOtomobil endüstrisi ve ticareti _zTürkiye _2etuturkob _989889 |
|
| 710 | 2 |
_aTürk Sanayicileri ve İş Adamları Derneği _918434 |
|
| 942 |
_2lcc _cBK |
||